| 000 | 00448nam a22001697a 4500 | ||
|---|---|---|---|
| 082 | _aP-172 | ||
| 100 |
_aCC227 SUO Ashan _947893 |
||
| 245 |
_aAir Conditioning of MCE Library _cCC227 SUO Ashan CC217 TC Sami |
||
| 260 |
_aRisalpur _bMCE _c23.4.2000 |
||
| 300 | _a192 p.: | ||
| 526 |
_a0 _b0 _c0 _dP_172 |
||
| 526 |
_a0 _b0 _c0 _dP_172 |
||
| 526 |
_a0 _b0 _c0 _dP_172 |
||
| 650 | _aProject | ||
| 700 |
_aDS Lec Hafeez Ahmed _947894 |
||
| 942 |
_2ddc _cBK |
||
| 999 |
_c550989 _d550989 |
||